المساحة الارضية 2 / (رقم التسجيلة. 84044)

تفاصيل مارك
000 -الفاتح
حقل البيانات ثابتة الطول 00798nam a2200229 4500
001 - رقم الضبط
رقم الضبط
003 - محدد رقم الضبط
رقم الضبط OSt
005 - وقت وتاريخ اخر تعامل مع التسجيلة
رقم الضبط 20221017145009.0
008 - عناصر البيانات ثابتة الطول - معلومات عامة
حقل البيانات ثابتة الطول 140224s2013____jo g 000 0 ara c
020 ## - الرقم الدولى المعيارى للكتب
الرقم الدولى المعيارى للكتاب 9789957831394
040 ## - مصدر الفهرسة
وكالة الفهرسة الأصلية MA-UN
لغة الفهرسة
وكالة النسخ MA-UN
082 04 - رقم تصنيف ديوى العشرى
رقم الطبعة 21
رقم التصنيف 526.9
رقم المادة د م م
100 1# - المدخل الرئيسى - إسم شخصى
الإسم الشخصى الدرايسة، محمد عبد الله
245 12 - بيان العنوان
العنوان المساحة الارضية 2 /
بيان المسئوليه,etc تأليف محمد عبد الله الدرايسة.
250 ## - بيان الطبعة
بيان الطبعة ط .1.
260 ## - PUBLICATION, DISTRIBUTION, ETC. (IMPRINT)
مكان الناشر او الموزع عمان، الأردن :
اسم الناشر او الموزع مكتبة المجمع العربي للنشر والتوزيع،
تاريخ النشر أو التوزيع 2013
تاريخ النشر هجري 1434.
300 ## - الوصف المادى
التعداد 148 ص. :
تفاصيل ماديه اخرى للوعاء إيض. ؛
أبعاد الوعاء 24 سم.
504 ## - تبصرة ببليوجرافية
تبصرة ببليوجرافية,الخ يشتمل على قائمة ببليوجرافية.
650 #7 - المدخل الاضافى بالموضوع-مصطلح موضوعى
مصطلح موضوعي أو اسم جغرافي كعنصر مدخل المساحة الأرضية
952 ## - LOCATION AND ITEM INFORMATION (KOHA)
نوع المادة فى نظام كوها كتاب
535 2# - تبصرة موقع الأصول / النسخ
المالك 3
942 ## -
-- ddc
-- BOOK
المقتنيات
حالة الفقد نموذج السعر الفعال حالة تلف ليس للاعارة تاريخ الاكتساب رقم الطلب تاريخ الاكتساب الموقع الحالي الباركود الفرع الرئيسي Date last seen مصدر التصنيف او خطة الترفيف Total Checkouts
  2022-10-17   Not For Loan 2022-10-17 526.9 د م م 2022-10-17 CL 00267126 المكتبة المركزية بالمجمعة (CL) 2022-10-17 Dewey Decimal Classification